000 00369nam a2200169Ia 4500
001 7560
003 GE_BSU
008 181216s||||||||xx |||||||||||||| ||und||
020 _a9770013061220
040 _cGE_BSU
245 4 _aThe Economist.№ 8863. Number 23rd
245 _bVol 409
260 _c2013
300 _a90p;26cm.
653 _aThe Economist
942 _cCR
999 _c40915
_d40915